Campeones de Formula 1 por año - Estadísticas

Estadísticas generales
  • Esta prueba ha sido intentada 847 veces
  • La puntuación promedio es 53 de 74
Estadísticas de respuestas
Hint Respuesta % Correcto
2008 Lewis Hamilton
98%
2014 Lewis Hamilton
98%
2015 Lewis Hamilton
98%
2017 Lewis Hamilton
98%
2018 Lewis Hamilton
98%
2019 Lewis Hamilton
98%
2020 Lewis Hamilton
98%
2005 Fernando Alonso
97%
2006 Fernando Alonso
97%
2021 Max Verstappen
97%
2022 Max Verstappen
97%
2023 Max Verstappen
97%
1994 Michael Schumacher
94%
1995 Michael Schumacher
94%
2000 Michael Schumacher
94%
2001 Michael Schumacher
94%
2002 Michael Schumacher
94%
2003 Michael Schumacher
94%
2004 Michael Schumacher
94%
2010 Sebastian Vettel
94%
2011 Sebastian Vettel
94%
2012 Sebastian Vettel
94%
2013 Sebastian Vettel
94%
1988 Ayrton Senna
93%
1990 Ayrton Senna
93%
1991 Ayrton Senna
93%
2016 Nico Rosberg
90%
1982 Keke Rosberg
89%
2007 Kimi Raikkonen
85%
1985 Alian Prost
83%
1986 Alian Prost
83%
1989 Alian Prost
83%
1993 Alian Prost
83%
2009 Jeson Button
83%
1951 Juan Manuel Fangio
83%
1954 Juan Manuel Fangio
83%
1955 Juan Manuel Fangio
83%
1956 Juan Manuel Fangio
83%
1957 Juan Manuel Fangio
83%
1975 Niki Lauda
80%
1977 Niki Lauda
80%
1984 Niki Lauda
80%
1998 Mika Hakkinen
70%
1999 Mika Hakkinen
70%
1996 Damon Hill
64%
1962 Graham Hill
63%
1968 Graham Hill
63%
1961 Phil Hill
62%
1981 Nelson Piquet
61%
1983 Nelson Piquet
61%
1987 Nelson Piquet
61%
1976 James Hunt
59%
1992 Nigel Mansell
57%
1952 Alberto Ascari
55%
1953 Alberto Ascari
55%
1950 Giuseppe Farina
54%
1972 Emerson Fitipaldi
50%
1974 Emerson Fitipaldi
50%
1969 Jackie Stewart
47%
1971 Jackie Stewart
47%
1973 Jackie Stewart
47%
1959 Jack Brabham
39%
1960 Jack Brabham
39%
1966 Jack Brabham
39%
1963 Jim Clark
39%
1965 Jim Clark
39%
1978 Mario Andretti
39%
1997 Jacques Villenueve
37%
1980 Alan Jones
33%
1979 Jody Scheckter
29%
1964 John Surtees
27%
1970 Jochen Rindt
26%
1958 Mike Hawthorn
25%
1967 Denny Hulme
23%
No se encontraron pruebas coincidentes
Distribución de puntuación
Porcentaje de gente con cada puntuación
Porcentaje por número respondido
Historial de tus puntuaciones
No has intentado esta prueba.